|
|
|
|
| LEADER |
00000nam0a2200000 4500 |
| 001 |
346063 |
| 005 |
20240111163705.0 |
| 035 |
|
|
|a (RuTPU)RU\TPU\book\377919
|
| 090 |
|
|
|a 346063
|
| 100 |
|
|
|a 20210524d2021 k y0rusy50 ca
|
| 101 |
0 |
|
|a rus
|
| 102 |
|
|
|a RU
|
| 105 |
|
|
|a a dm 001zy
|
| 200 |
1 |
|
|a Комплексная эколого-геохимическая оценка бурового шлама нефтяных и нефтегазоконденсатных месторождений Томской и Иркутской областей
|e автореферат диссертации на соискание ученой степени кандидата геолого-минералогических наук
|e спец. 25.00.36
|f А. А. Климова
|g Национальный исследовательский Томский политехнический университет ; науч. рук. Е. Г. Язиков
|
| 210 |
|
|
|a Томск
|c [Б. и.]
|d 2021
|
| 215 |
|
|
|a 22 с.
|c ил.
|
| 300 |
|
|
|a Защита сост. 05.06.2021 г.
|
| 320 |
|
|
|a Библиогр.: с. 21-22 (8 назв.)
|
| 606 |
1 |
|
|a Нефтегазовая экология
|2 stltpush
|3 (RuTPU)RU\TPU\subj\38065
|9 58778
|
| 606 |
1 |
|
|a Полезные ископаемые
|x Добыча
|x Влияние на окружающую среду
|2 stltpush
|3 (RuTPU)RU\TPU\subj\50073
|9 68822
|
| 610 |
1 |
|
|a эколого-геохимическая оценка
|
| 610 |
1 |
|
|a буровые шламы
|
| 610 |
1 |
|
|a нефтяные месторождения
|
| 610 |
1 |
|
|a нефтегазовые скважины
|
| 610 |
1 |
|
|a нефтегазоконденсатные месторождения
|
| 610 |
1 |
|
|a Томская область
|
| 610 |
1 |
|
|a Иркутская область
|
| 610 |
1 |
|
|a химический состав
|
| 610 |
1 |
|
|a минералогический состав
|
| 610 |
1 |
|
|a токсичность
|
| 610 |
1 |
|
|a экологические последствия
|
| 610 |
1 |
|
|a авторефераты диссертаций
|
| 610 |
1 |
|
|a труды учёных ТПУ
|
| 675 |
|
|
|a 622.276(04)
|v 4
|
| 675 |
|
|
|a 622.85(04)
|v 4
|
| 686 |
|
|
|a 25.00.36
|2 oksvnk
|
| 700 |
|
1 |
|a Климова
|b А. А.
|g Алена Андреевна
|
| 702 |
|
1 |
|a Язиков
|b Е. Г.
|c специалист в области геологии и минералогии
|c профессор Томского политехнического университета, доктор геолого-минералогических наук, заместитель проректора по образовательной и международной деятельности
|f 1955-
|g Егор Григорьевич
|3 (RuTPU)RU\TPU\pers\26057
|4 727
|9 11896
|
| 712 |
0 |
2 |
|a Национальный исследовательский Томский политехнический университет
|c (2009- )
|3 (RuTPU)RU\TPU\col\15902
|9 26305
|
| 801 |
|
1 |
|a RU
|b 63413507
|c 20210524
|
| 801 |
|
2 |
|a RU
|b 63413507
|c 20210628
|g RCR
|
| 942 |
|
|
|c BK
|